000 00419nam a2200181Ia 4500
008 210210b1934 xxu||||| |||| 00| 0 eng d
041 _aeng
082 _a825/887
100 _aWARD (A C)
245 _aFrolic and the gentle
260 _aLondon
_bMethuen and Company Limited
_c1934
650 _athe
650 _agentle
650 _aFrolic
650 _aand
690 _aEnglish Criticism
906 _a015202
999 _c134519
_d134519